书目信息 |
| 题名: |
铁血莲花
|
|
| 作者: | 简嘉 , 吕雷 , 邓刚 著 | |
| 分册: | ||
| 出版信息: | 广州 花城出版社 2004.01 |
|
| 页数: | 800页 | |
| 开本: | 21cm | |
| 丛书名: | ||
| 单 册: | ||
| 中图分类: | I247.5 | |
| 科图分类: | ||
| 主题词: | 长篇小说--中国--当代 | |
| 电子资源: | ||
| ISBN: | 7-5360-4083-0 | |
| 000 | 00771nam0 2200241 450 | |
| 001 | 1056463609 | |
| 005 | 20100712154309.23 | |
| 010 | @a7-5360-4083-0@dCNY38.00 | |
| 100 | @a20100515d2004 km y0chiy0120 ea | |
| 101 | 0 | @achi |
| 102 | @aCN@b440000 | |
| 105 | @ay z 000ay | |
| 200 | 1 | @a铁血莲花@Atie xue lian hua@f简嘉, 吕雷, 邓刚著@Fjian jia,lu lei,deng gang zhu |
| 210 | @a广州@c花城出版社@d2004.01 | |
| 215 | @a800页@d21cm | |
| 330 | @a本书清朝末年澳门一件轰动朝野, 震惊西方列强的惊天大案,描写了爱国志士林伟良刺杀葡萄牙人澳门总督沙瓦德的全过程。 | |
| 606 | 0 | @a长篇小说@y中国@z当代 |
| 690 | @aI247.5@v4 | |
| 701 | 0 | @a简嘉@Ajian jia@4著 |
| 701 | 0 | @a吕雷@Alu lei@4著 |
| 701 | 0 | @a邓刚@Adeng gang@4著 |
| 801 | 0 | @aCN@c20100515 |
| 905 | @dI247.5@eJ276-2@f3 | |
| 铁血莲花/简嘉, 吕雷, 邓刚著.-广州:花城出版社,2004.01 |
| 800页;21cm |
| ISBN 7-5360-4083-0:CNY38.00 |
| 本书清朝末年澳门一件轰动朝野, 震惊西方列强的惊天大案,描写了爱国志士林伟良刺杀葡萄牙人澳门总督沙瓦德的全过程。 |
| ● |
| 相关链接 |
|
|
|
正题名:铁血莲花
索取号:I247.5/J276-2
 
预约/预借
| 序号 | 登录号 | 条形码 | 馆藏地/架位号 | 状态 | 备注 |
| 1 | 991134 | 209911345 | 文学库108/108文学库 30排3列4层/ [索取号:I247.5/J276-2] | 在馆 | |
| 2 | 991135 | 209911354 | 社科二线400B/400B社科库 16排2列5层/ [索取号:I247.5/J276-2] | 在馆 | |
| 3 | 991136 | 209911363 | 社科二线400B/400B社科库 11排4列6层/ [索取号:I247.5/J276-2] | 在馆 |